000
00305nam a22001337a 4500
008
170424b xxu||||| |||| 00| 0 eng d
020
_a
9780321722942
041
_a
eng
080
_a
573
100
_a
11
101
_a
SHM
245
_a
EXPLORATIONS IN BASIC BIOLOGY
_c
GUNSTREAM.S.E
942
_2
udc
_c
BK
999
_c
11590
_d
11590